000 00692nas a2200217 4500
001 BR9213416
003 BR-BrBNA
005 20231205095257.0
007 ta
008 230509b bl.|||p| |||| 00| 00por d
040 _aBR-BrBNA
_bpor
_cBiblioteca Nacional de Agricultura
041 _a(Pt)
072 _aN10
100 1 _aSilva, S.M. da
100 1 _aPiedade Junior, C.
245 1 _aO uso de condutores de aluminio e de aco zincado na construcao de linhas de eletrificacao rural
650 _aEletrificacao Rural
773 0 _tEnergia na Agricultura (Brazil)
_xISSN 0102-9169
_g(1990), v. 5(2) p. 19-23
_wBR9213416
909 _a202311
_bLúcia
_c55
_dLúcia Elande
942 _2AGRIS
_n0
_cANA
999 _c149777
_d149777